000 00633nam a2200229Ia 4500
005 20250508164116.0
008 008 250505s9999 xx 000 0 eng d
020 _a0-631-20497-0
037 _aReference
040 _aFEDL
_beng
_cFEDL
041 _aeng
_2eng
084 _a410, ARO
_qFEDL
100 _aAronoff Mark Ed.
245 0 _aHandbook of linguistics
260 _aMalden, USA
_bBlackwell
_c2003
300 _axvi,824p.
365 _aINR
_b1495
650 _aLinguistics - Handbooks manuals
_9777346
700 _a Rees-Miller Janie Ed.
_9777347
942 _cREF
_h410, ARO
999 _c1387098
_d1387098